<?xml version="1.0" encoding="UTF-8"?>
<record
    xmlns:xsi="http://www.w3.org/2001/XMLSchema-instance"
    xsi:schemaLocation="http://www.loc.gov/MARC21/slim http://www.loc.gov/standards/marcxml/schema/MARC21slim.xsd"
    xmlns="http://www.loc.gov/MARC21/slim">

  <leader>00416nam a22001217a 4500</leader>
  <datafield tag="040" ind1=" " ind2=" ">
    <subfield code="c">HS</subfield>
  </datafield>
  <datafield tag="082" ind1=" " ind2=" ">
    <subfield code="a">381</subfield>
  </datafield>
  <datafield tag="100" ind1=" " ind2=" ">
    <subfield code="a">&#x1782;&#x17BB;&#x17C6; &#x179F;&#x17B6;&#x179A;&#x17C9;&#x17BC;&#x1793;</subfield>
  </datafield>
  <datafield tag="245" ind1=" " ind2=" ">
    <subfield code="a">&#x1782;&#x17C4;&#x179B;&#x1793;&#x1799;&#x17C4;&#x1794;&#x17B6;&#x1799;&#x1793;&#x17B7;&#x1784;&#x1799;&#x17BB;&#x1791;&#x17D2;&#x1792;&#x179F;&#x17B6;&#x179F;&#x17D2;&#x178F;&#x17D2;&#x179A;&#x1780;&#x17D2;&#x1793;&#x17BB;&#x1784;&#x1780;&#x17B6;&#x179A;&#x17A2;&#x1797;&#x17B7;&#x179C;&#x178C;&#x17D2;&#x178D;&#x1793;&#x17CD;&#x179C;&#x17B7;&#x179F;&#x17D0;&#x1799;&#x1780;&#x179F;&#x17B7;&#x1780;&#x1798;&#x17D2;&#x1798;</subfield>
  </datafield>
  <datafield tag="260" ind1=" " ind2=" ">
    <subfield code="a">Cambodia</subfield>
    <subfield code="b">&#x1782;&#x17BB;&#x17C6; &#x179F;&#x17B6;&#x179A;&#x17C9;&#x17BC;&#x1793;</subfield>
    <subfield code="c">2012</subfield>
  </datafield>
  <datafield tag="300" ind1=" " ind2=" ">
    <subfield code="a">32p;</subfield>
  </datafield>
  <datafield tag="942" ind1=" " ind2=" ">
    <subfield code="c">KB</subfield>
  </datafield>
  <datafield tag="999" ind1=" " ind2=" ">
    <subfield code="c">10285</subfield>
    <subfield code="d">10285</subfield>
  </datafield>
  <datafield tag="952" ind1=" " ind2=" ">
    <subfield code="0">0</subfield>
    <subfield code="1">0</subfield>
    <subfield code="4">0</subfield>
    <subfield code="6">381_000000000000000_&#x1782;&#x17BB;&#x17C6;_2012_C194</subfield>
    <subfield code="7">0</subfield>
    <subfield code="9">52952</subfield>
    <subfield code="a">LBC</subfield>
    <subfield code="b">LBC</subfield>
    <subfield code="c">C194</subfield>
    <subfield code="d">2016-10-08</subfield>
    <subfield code="o">381 &#x1782;&#x17BB;&#x17C6; 2012 C194</subfield>
    <subfield code="p">RUA061942</subfield>
    <subfield code="r">2016-10-08</subfield>
    <subfield code="y">KB</subfield>
  </datafield>
</record>
